| 000 | 01228nam a22002895a 4500 | ||
|---|---|---|---|
| 003 | OSt | ||
| 005 | 20170215120103.0 | ||
| 008 | 170214s2015 ua frb 000 0 ara d | ||
| 015 | _a2015 / 27455 | ||
| 020 | _a9789770479896 | ||
| 040 |
_aEG-ScBUE _bara _cEG-ScBUE |
||
| 043 |
_af-ua--- _aa-ku--- _ae-fr--- |
||
| 082 | 0 | 4 |
_a346.62048 _bم ح م _222 |
| 100 | 1 | _aمحمد، حسين محمد مصلح. | |
| 245 | 1 | 2 |
_aالمصنف الجماعي : _bطبقا لاحكام القانون 82 لسنة 2002 / _cحسين محمد مصلح محمد، عوني سالم النقراشي. |
| 250 | _aط. 1. | ||
| 260 |
_aالقاهرة : _bدار النهضة العربية، _c2015. |
||
| 300 |
_a299 ص. ؛ _c24 سم. |
||
| 504 | _aيشتمل على إرجاعات ببليوجرافية. | ||
| 650 | 7 |
_aحقوق التأليف والنشر _xقوانين وتشريعات _zمصر. _2BUEsh _941044 |
|
| 650 | 7 |
_aحقوق التأليف والنشر _xقوانين وتشريعات _zالكويت. _2BUEsh |
|
| 650 | 7 |
_aحقوق التأليف والنشر _xقوانين وتشريعات _zفرنسا. _2BUEsh |
|
| 651 | _2BUEsh | ||
| 653 |
_bLLAAWW _cFebruary2017 |
||
| 700 | 1 | _aالنقراشي، عوني سالم. | |
| 942 | _2ddc | ||
| 999 |
_c24157 _d24129 |
||